<?xml version="1.0" encoding="UTF-8"?>
<record
    xmlns:xsi="http://www.w3.org/2001/XMLSchema-instance"
    xsi:schemaLocation="http://www.loc.gov/MARC21/slim http://www.loc.gov/standards/marcxml/schema/MARC21slim.xsd"
    xmlns="http://www.loc.gov/MARC21/slim">

  <leader>01368ntaaa2200289   4500</leader>
  <controlfield tag="003">01</controlfield>
  <controlfield tag="005">20251027203240.0</controlfield>
  <controlfield tag="008">0714s1973  ag    01 </controlfield>
  <datafield tag="040" ind1=" " ind2=" ">
    <subfield code="a">AR-BaBN</subfield>
    <subfield code="b">spa</subfield>
    <subfield code="c">AR-BaBN</subfield>
    <subfield code="e">aacr</subfield>
    <subfield code="d">RIC</subfield>
  </datafield>
  <datafield tag="082" ind1=" " ind2=" ">
    <subfield code="a">208 L56</subfield>
  </datafield>
  <datafield tag="100" ind1=" " ind2=" ">
    <subfield code="a">Lesk&#xF3;, B&#xE9;la </subfield>
    <subfield code="9">8735</subfield>
  </datafield>
  <datafield tag="245" ind1=" " ind2=" ">
    <subfield code="a">Vox evangelii. Anuario de la Facultad Luterana de Teolog&#xED;a. / </subfield>
    <subfield code="c">B&#xE9;la Lesk&#xF3;</subfield>
  </datafield>
  <datafield tag="250" ind1=" " ind2=" ">
    <subfield code="a">1 ed.</subfield>
  </datafield>
  <datafield tag="260" ind1=" " ind2=" ">
    <subfield code="a">Buenos Aires : </subfield>
    <subfield code="b">Facultad Luterana de Teolog&#xED;a, </subfield>
    <subfield code="c">1960</subfield>
  </datafield>
  <datafield tag="300" ind1=" " ind2=" ">
    <subfield code="a">138 p.</subfield>
  </datafield>
  <datafield tag="500" ind1=" " ind2=" ">
    <subfield code="a">Anuario de la Facultad Luterana de Teolog&#xED;a que tiene como prop&#xF3;sito propagar la universalidad de la Teolog&#xED;a luterana</subfield>
  </datafield>
  <datafield tag="505" ind1=" " ind2=" ">
    <subfield code="t">Pr&#xF3;logo /</subfield>
    <subfield code="r">Deibert, Jos&#xE9; H.</subfield>
  </datafield>
  <datafield tag="505" ind1=" " ind2=" ">
    <subfield code="t">El tema hermen&#xE9;utico. Reflexiones sobre traducci&#xF3;n de obras alemanas /</subfield>
    <subfield code="r">Oberm&#xFC;ller, Rodolfo</subfield>
  </datafield>
  <datafield tag="505" ind1=" " ind2=" ">
    <subfield code="t">Israel antiguo y la filosof&#xED;a de la historia /</subfield>
    <subfield code="r">Gehman, Henry S.</subfield>
  </datafield>
  <datafield tag="505" ind1=" " ind2=" ">
    <subfield code="t">La ley natural en el Antiguo Testamento /</subfield>
    <subfield code="r">Gehman, Henry S.</subfield>
  </datafield>
  <datafield tag="505" ind1=" " ind2=" ">
    <subfield code="t">El lugar de la ley en la teolog&#xED;a luterana actual /</subfield>
    <subfield code="r">L&#xF6;fstr&#xF6;m, Inge</subfield>
  </datafield>
  <datafield tag="505" ind1=" " ind2=" ">
    <subfield code="t">La ordenaci&#xF3;n seg&#xFA;n Lutero y los reformadores luteranos /</subfield>
    <subfield code="r">Meyer, Handing</subfield>
  </datafield>
  <datafield tag="505" ind1=" " ind2=" ">
    <subfield code="t">La diferencia entre la justicia del mundo y la de Cristo /</subfield>
    <subfield code="r">Melanchton, Felipe (Introducci&#xF3;n y trad., por Carlos Witthaus)</subfield>
  </datafield>
  <datafield tag="505" ind1=" " ind2=" ">
    <subfield code="t">M&#xFA;sica luterana /</subfield>
    <subfield code="r">Deibert, Jos&#xE9; H.</subfield>
  </datafield>
  <datafield tag="505" ind1=" " ind2=" ">
    <subfield code="t">La religi&#xF3;n de Tom&#xE1;s Jefferson /</subfield>
    <subfield code="r">Deibert, Jos&#xE9; H.</subfield>
  </datafield>
  <datafield tag="942" ind1=" " ind2=" ">
    <subfield code="c">BK</subfield>
  </datafield>
  <datafield tag="999" ind1=" " ind2=" ">
    <subfield code="c">27922</subfield>
    <subfield code="d">27922</subfield>
  </datafield>
  <datafield tag="952" ind1=" " ind2=" ">
    <subfield code="0">0</subfield>
    <subfield code="1">0</subfield>
    <subfield code="4">0</subfield>
    <subfield code="7">0</subfield>
    <subfield code="a">BP</subfield>
    <subfield code="b">BP</subfield>
    <subfield code="d">2025-10-27</subfield>
    <subfield code="i">027505</subfield>
    <subfield code="l">0</subfield>
    <subfield code="o">208 L56</subfield>
    <subfield code="p">027505</subfield>
    <subfield code="r">2025-10-27 20:32:40</subfield>
    <subfield code="w">2025-10-27</subfield>
    <subfield code="y">BK</subfield>
  </datafield>
</record>
